000
00307nam a2200121Ia 4500
008
190802s9999 xx 000 0 und d
020
_a
978-0-19-875943-0
100
_a
John Black ,Nigar
245
0
_a
Dictionary of Economics
260
_a
USA
_b
Oxford University Press
_c
2017
300
_a
450:P
942
_c
BK
999
_c
2238
_d
2238